Top 10 Longest Bones in the Human Body - Statistics

General Stats
  • This quiz has been taken 89 times
  • The average score is 8 of 10
Answer Stats
Rank Avg. Inches Bone % Correct
1 19.9 Femur (thighbone)
97%
2 16.9 Tibia (shinbone)
89%
5 11.1 Ulna (inner lower arm)
85%
4 14.4 Humerus (upper arm)
84%
3 15.9 Fibula (lower leg)
83%
6 10.4 Radius (outer lower arm)
83%
7 9.5 7th Rib
72%
8 9.1 8th Rib
72%
10 6.7 Sternum (breastbone)
57%
9 7.3 Innominate bone (hipbone)
45%
No matching quizzes found
Score Distribution
Percent of People with Each Score
Percentile by Number Answered
Your Score History
You have not taken this quiz